| 000 | 00770nas a2200241 4500 | ||
|---|---|---|---|
| 001 | BR9508404 | ||
| 003 | BR-BrBNA | ||
| 005 | 20231205094525.0 | ||
| 007 | ta | ||
| 008 | 230509b bl.|||p| |||| 00| 00por d | ||
| 040 |
_aBR-BrBNA _bpor _cBiblioteca Nacional de Agricultura |
||
| 041 | _a(Pt) | ||
| 072 | _aF03 | ||
| 100 | 1 | _aBianechetti, A. | |
| 100 | 1 | _aRamos, A. | |
| 245 | 1 | _aComparacao de tratamentos para superar a dormencia de sementes de canafistula (Peltophorum dubium (Sprengel)Taubert) | |
| 650 | _aCanafistula | ||
| 650 | _aDormencia da Semente | ||
| 650 | _aTratamento | ||
| 773 | 0 |
_tBoletim de Pesquisa Florestal (Brazil) _xISSN 0101-1057 _g(Jun 1982), no. 4 p. 91-99 _wBR9508404 |
|
| 909 |
_a202311 _bLúcia _c55 _dLúcia Elande |
||
| 942 |
_2AGRIS _n0 _cANA |
||
| 999 |
_c144953 _d144953 |
||